[Event "2nd IMSA Basque 2017-Women"]
[Site "Huaian"]
[Date "2017.12.14"]
[Round "4"]
[White "Harika, Dronavalli"]
[Black "Tan, Zhongyi"]
[Result "1-0"]
[WhiteElo "2504"]
[BlackElo "2517"]
[Annotator "TA"]
[PlyCount "77"]
[EventDate "2017.??.??"]
[EventType "tourn"]
[EventCountry "CHN"]
[SourceTitle "playchess.com"]
[Source "ChessBase"]
[SourceQuality "1"]

{[%evp 23,77,3,17,6,15,12,18,-27,-23,-59,-14,-8,-19,-40,15,35,112,108,139,144,195,194,168,176,249,228,545,539,562,563,517,504,553,446,29982,1856,29983,29984,29984,29985,29998,29981,29987,29988,29969,29970,29992,29963,4810,4810,29991,29986,29986,29970,29989,29990]} 1. e4 e5 2. Nf3 Nc6 3. Bb5 {[%cal Bf1b5,Bb5a4,Ba4b3][%mdl 32]} a6 4. Ba4 Nf6 5. O-O Be7 6. Re1 b5 7. Bb3 O-O 8. d4 Nxd4 9. Nxd4 exd4 10. e5 Ne8 11. c3 dxc3 12. Nxc3 {C88: Closed Ruy Lopez: Anti-Marshall Systems} Bb7 {LiveBook: 10 Games} 13. a4 (13. Nd5 Bxd5 14. Qxd5 c6 15. Qe4 g6 16. Bh6 Ng7 17. Rad1 Qc7 18. g4 Rad8 19. f4 Rfe8 {½-½ (36) Lu,S (2614)-Dubov,D (2666) Moscow 2016}) 13... d6 $146 ({Predecessor:} 13... bxa4 14. Rxa4 Bc6 15. Rc4 Bg5 16. Ba4 Bxa4 17. Qxa4 Bxc1 18. Rxc1 c6 19. Rd1 Qe7 {0-1 (65) Nowicki,A (1858)-Jaskula,R (1936) IECC email 1999}) 14. e6 {The position is equal.} fxe6 15. Bxe6+ Kh8 16. Qh5 Nf6 17. Qh3 $1 d5 18. Bg5 {And now Bf5 would win.} Ne4 ({Black should play} 18... d4 $15 19. Rad1 (19. Bxf6 Rxf6 20. Ne4 Rh6 $19) 19... Bd6) 19. Nxe4 $11 {[%cal Bc3e4,Be4c5,Bc5e6][%mdl 32]} Bxg5 {[#]} ({Black should try} 19... dxe4 $14 20. Red1 Qe8) 20. Nc5 $1 $16 {[%cal Rc5b7]} Bc6 21. Bf5 $40 {[%csl Gf5][%cal Rh3h7][%mdl 128] White is out for blood.} h6 (21... Rxf5 $16 22. Qxf5 Bf6) 22. Ne6 $1 $18 {[%csl LRd8,LRf8]} Qf6 23. Nxf8 Rxf8 {[#]} (23... Qxf8 $142 24. Bc2 Bf6) 24. Re6 $1 {[%cal Re6f6]} Qxb2 $2 (24... Qxf5 25. Qxf5 Rxf5) 25. Rb1 Qa2 {Strongly threatening ...Bd7.} 26. Rxc6 Qxa4 27. Bc2 Qd4 28. Qd3 {[%csl Gc2][%cal Rd3h7]} Qxf2+ (28... Qxd3 $142 29. Bxd3 Bf6 30. Rxc7 Bd4) 29. Kh1 {[%csl Gc2][%cal Rd3h7]} g6 30. Rxg6 Rf7 31. Re6 Kg7 32. Re8 {[%csl Gc2][%cal Rd3g6]} Rf5 33. Qxf5 Qxf5 34. Bxf5 c5 35. Ra8 Kf6 36. Bh7 b4 37. Rxa6+ {White mates.} Ke5 38. Bg8 Bd2 39. Rd1 {Precision: White = 77%, Black = 17%.} 1-0

[Event "2nd IMSA Basque 2017-Women"]
[Site "Huaian"]
[Date "2017.12.14"]
[Round "4"]
[White "Stefanova, Antoaneta"]
[Black "Dzagnidze, Nana"]
[Result "0-1"]
[WhiteElo "2500"]
[BlackElo "2522"]
[Annotator "TA"]
[PlyCount "78"]
[EventDate "2017.??.??"]
[EventType "tourn"]
[EventCountry "CHN"]
[SourceTitle "playchess.com"]
[Source "ChessBase"]
[SourceQuality "1"]

{[%evp 17,78,0,0,0,24,25,56,51,66,1,93,96,128,87,96,70,80,70,64,6,35,14,10,7,19,0,18,0,0,0,54,59,73,-329,-187,-495,-487,-532,-541,-525,-269,-500,-483,-1254,-1226,-1131,-1010,-29983,-29984,-29984,-29985,-29985,-29986,-29986,-29987,-29987,-29988,-29988,-29989,-29989,-29987,-29987,-29988]} 1. d4 Nf6 2. Nf3 e6 3. e3 b6 4. Bd3 Bb7 5. c4 d5 6. Nc3 Bd6 7. O-O O-O 8. b3 Nbd7 9. Bb2 a6 10. a4 {[%cal Ba2a4,Ba4a5][%mdl 32] E14: Queen's Indian: Classical Variation (4 e3)} (10. Qe2 c5 11. cxd5 exd5 12. Rfd1 Re8 13. Rac1 Qb8 14. Bf5 cxd4 15. Rxd4 Ne5 16. Na4 b5 17. Nb6 Ra7 {½-½ (57) Laznicka,V (2664)-Naiditsch,A (2710) Linares 2017}) 10... Qe7 11. a5 dxc4 12. bxc4 {White is slightly better.} e5 {Threatens to win with ...e4.} 13. Bf5 $146 ({White should play} 13. e4 $14) ({Predecessor:} 13. e4 exd4 14. Nd5 Nxd5 15. exd5 Ne5 16. Nxd4 g6 17. f4 Nxd3 18. Qxd3 {½-½ (41) Kunin,V (2424)-Kulaots,K (2531) Deizisau 2002}) 13... e4 {[#]} (13... Rfe8 $11) 14. Nd2 $1 $16 Rfe8 15. Qc2 Bb4 16. Nb3 Nf8 17. Na2 Bd6 18. c5 (18. Nd2 $14) 18... bxc5 $11 19. Nxc5 Bc8 20. Bxc8 Raxc8 21. h3 Nd5 22. Nxa6 {Hoping for Nc3.} Ng6 23. Nc3 Qg5 (23... Nxc3 $1 $11 24. Bxc3 (24. Qxc3 Nh4 $11) 24... Nh4) 24. Nxd5 $14 {Strongly threatening Nab4.} Nh4 {[%csl Gh4][%cal Rg5g2] [#]} 25. g4 $2 {[%mdl 8192]} (25. g3 $1 $16 {and life is bright. Nab4 is the strong threat.} Nf3+ 26. Kg2 Qxd5 27. Nc5) 25... Qxd5 (25... h5 $142 26. Qc6 (26. Naxc7 Nf3+ 27. Kg2 hxg4 $19) (26. Nc3 hxg4 27. Ne2 gxh3+ 28. Ng3 Bxg3 $19) 26... hxg4) 26. Ba3 $2 (26. Nc5 {was the crucial defense.}) 26... h5 $19 27. Rfc1 hxg4 28. hxg4 Qg5 29. Bxd6 $2 (29. Kf1 Qxg4 30. Qd1 Qg2+ 31. Ke2) 29... cxd6 30. Nc7 (30. Qxc8 $142 Rxc8 31. Rxc8+ Kh7 32. Kf1 Qb5+ 33. Kg1 Qxa6 34. Rc2) 30... Qxg4+ 31. Kf1 Re7 32. a6 Qg2+ {Black mates.} 33. Ke2 Qf3+ 34. Kf1 Rexc7 35. Qxc7 Rxc7 36. Rxc7 Qh1+ 37. Ke2 Qxa1 38. a7 Kh7 39. Rxf7 Nf3 {Precision: White = 30%, Black = 45%.} 0-1

[Event "2nd IMSA Basque 2017-Women"]
[Site "Huaian"]
[Date "2017.12.14"]
[Round "4"]
[White "Zhao, Xue"]
[Black "Muzychuk, Mariya"]
[Result "1-0"]
[WhiteElo "2477"]
[BlackElo "2544"]
[Annotator "TA"]
[PlyCount "61"]
[EventDate "2017.??.??"]
[EventType "tourn"]
[EventCountry "CHN"]
[SourceTitle "playchess.com"]
[Source "ChessBase"]
[SourceQuality "1"]

{[%evp 21,61,4,1,16,407,398,484,450,699,648,653,646,636,462,424,385,458,456,464,450,535,541,617,608,641,557,550,562,650,641,642,613,772,759,776,760,877,790,1113,1113,1081,1068]} 1. d4 d5 2. c4 c6 3. Nc3 Nf6 4. Nf3 e6 5. Bg5 h6 6. Bxf6 Qxf6 7. Qb3 Nd7 8. e4 dxe4 9. Nxe4 Qf4 10. Bd3 e5 {D43: Semi-Slav: 5 Bg5 h6} 11. O-O Be7 {LiveBook: 15 Games} (11... exd4 12. Nxd4 Nc5 13. Nxc5 Qxd4 14. Rae1+ Be7 15. Na4 Qd8 16. h4 O-O 17. h5 Rb8 18. c5 {½-½ (90) Zhao,X (2510)-Muzychuk,M (2545) Chengdu 2016}) 12. Rae1 {Strongly threatening Ng3.} f5 $146 {[%mdl 8192]} (12... exd4 $1 $11 {and Black has nothing to worry.} 13. Bc2 O-O) ({Predecessor:} 12... exd4 13. Bb1 O-O 14. Ng3 Bd8 15. Qd3 g6 16. h4 Nf6 17. h5 g5 18. Ne5 {1-0 (30) Aronian,L (2799)-Ding,L (2777) Tbilisi 2017}) 13. Ng3 $18 e4 {[#]} 14. Bxe4 $1 {[%mdl 512]} Nf6 {[#]} (14... g6 $142 15. Bc2 Rg8) (14... fxe4 15. Rxe4) 15. Bxf5 $1 {[%mdl 512]} Bxf5 16. Qxb7 {[%csl Ge1][%cal Rb7e7]} O-O 17. Nxf5 Qxf5 18. Qxe7 Rab8 19. b3 {White is clearly winning.} a5 20. Re5 Qg6 21. Qe6+ Kh8 22. Rxa5 Rbe8 23. Ne5 Qe4 24. Qh3 c5 25. Qe3 Qc2 26. Rxc5 Ng4 27. Qd3 Qxd3 28. Nxd3 Re2 29. h3 Nf6 30. Nf4 Rxa2 31. Ng6+ 1-0

[Event "2nd IMSA Basque 2017-Women"]
[Site "Huaian"]
[Date "2017.12.15"]
[Round "4"]
[White "Paehtz, Elisabeth"]
[Black "Ushenina, Anna"]
[Result "1-0"]
[WhiteElo "2464"]
[BlackElo "2416"]
[Annotator "TA"]
[PlyCount "159"]
[EventDate "2017.??.??"]
[EventType "tourn"]
[EventCountry "CHN"]
[SourceTitle "playchess.com"]
[Source "ChessBase"]
[SourceQuality "1"]

{[%evp 21,159,0,14,0,0,0,0,0,-8,-1,0,0,0,-50,0,0,2,-8,0,0,0,0,0,-15,32,-33,-10,-30,-13,-14,0,0,0,0,0,0,0,-10,-10,-163,-163,-173,-183,-183,-168,-188,-177,-149,-160,-163,-121,-389,-378,-476,-222,-216,-247,-227,-245,-220,-207,-29982,-29983,-5218,-5218,-5206,-5218,-5206,-1750,-2181,-1228,-2130,-2071,-946,-823,-5306,-827,-1028,-897,-29985,-675,-650,-629,-754,-627,-665,-564,-912,-852,-922,-912,-882,-854,-818,-800,-905,-809,-2620,-2375,-6019,-6000,-5832,-5783,-4694,-4329,-5712,-5838,-29979,-29980,-29982,-29983,-29985,-29986,-29987,-29988,-29990,-29988,-29988,-29989,-29989,-29989,-29989,-29990,-29993,-29989,-29989,-29990,-29990,-29991,-29991,-29992,-29992,-29993,-29993,-29993,-29993,-29992,-29992,-29993,-29993]} 1. e4 c5 2. Nf3 e6 3. d4 cxd4 4. Nxd4 Nc6 5. Nc3 Qc7 6. f4 a6 7. Nxc6 bxc6 8. e5 d5 9. exd6 Bxd6 10. Ne4 Be7 11. Bd3 Nf6 12. Qe2 {B46: Sicilian: Taimanov: 5 Nc3 a6} O-O 13. O-O Bb7 14. b3 {The position is equal.} c5 {[#]} 15. Ng5 $146 ({Predecessor:} 15. Bb2 Nxe4 16. Bxe4 Bxe4 17. Qxe4 c4 18. Rf3 Rfd8 19. Raf1 Rac8 {0-1 (36) Bartel,M (2609)-Gdanski,J (2493) Ustron 2007}) 15... a5 16. Bb2 h6 17. Nh3 (17. Kh1 {with more complications.} c4 18. bxc4 hxg5 19. fxg5 Nh7 20. Bxh7+ Kxh7 21. Qh5+) 17... Rfe8 18. a4 Qb6 19. Kh1 Ba6 20. Nf2 Bxd3 21. Qxd3 Red8 22. Qe2 Nd5 23. Ne4 (23. Ng4 $14) 23... c4 $1 $15 24. Qxc4 Rac8 25. Qe2 Ne3 $36 {[%mdl 2048] Black is more active.} 26. Rfc1 f5 27. Nf2 Bc5 {[%cal Be7c5,Bc5d4,Bd4f6][%mdl 32]} 28. Nd3 Bd4 29. c3 Bf6 30. Rab1 $2 (30. h3 $1 $11 {and White has nothing to worry.}) 30... Ng4 $1 $19 31. h3 Rxd3 $1 32. hxg4 {[#]} Re3 $1 {[%cal Re3e2]} 33. Qb5 Qd6 34. Rf1 fxg4 35. Rbd1 Qf8 {Strongly threatening ...Rc5.} 36. Qb6 $2 {[%mdl 8192]} (36. Kg1 $17) 36... Re2 37. Rf2 Rxf2 (37... Rb8 $142 38. Qa7 Rxf2 39. Qxf2 Qe8) 38. Qxf2 Bxc3 39. Bxc3 Rxc3 {[%mdl 4096] Endgame KQR-KQR} 40. Qe1 Qf6 {aiming for ...g3.} 41. Rd6 $2 (41. Rd8+ $19 Kh7 42. Qb1+ Qf5 43. Qxf5+ exf5 44. Kh2) 41... g3 42. Kg1 Rxb3 43. Rd1 Qf5 44. Qe2 Kh7 (44... Rb1 $142 45. Re1 Kf7 46. Rxb1 Qxb1+ 47. Qf1 Qb6+ 48. Kh1 Qd4) 45. Rc1 Rb4 46. Rf1 Qc5+ 47. Kh1 Qc4 48. Qf3 Rxa4 (48... e5 $142 49. Rg1 exf4) 49. Rd1 Qxf4 50. Qd3+ Qe4 (50... Re4 $142 51. Kg1 Qh4 52. Qxe4+ Qxe4 53. Kh1 a4 54. Rc1 a3 55. Rd1 a2 56. Kg1 {[#]} Qd4+ $1 {[%mdl 512]} 57. Rxd4 a1=Q+ 58. Rd1 Qxd1#) 51. Qxg3 Qh4+ 52. Qxh4 Rxh4+ {KR-KR} 53. Kg1 Re4 54. Ra1 a4 55. Kf2 Kg6 56. Kf3 Rb4 57. Ke3 Kf5 58. Kd3 Rb2 59. g3 Rb3+ 60. Kd4 Rxg3 61. Rf1+ Kg4 62. Ke5 g5 63. Kxe6 a3 64. Ra1 h5 {Black mates.} 65. Kf6 h4 66. Kg6 h3 67. Kh6 h2 68. Rh1 Rh3+ 69. Kg6 a2 70. Kf6 {[#]} a1=Q+ $1 71. Rxa1 h1=Q 72. Ra4+ Kf3 73. Ra3+ Ke2 74. Ra2+ Kd3 75. Ra3+ Kc4 76. Ra4+ Kb5 77. Rg4 Qf3+ 78. Kxg5 Rg3 79. Rxg3 Qxg3+ 80. Kf5 {[%mdl 32768] Precision: White = 28%, Black = 70%. . Sensor Board Error (Ke4/e5)?} 1-0

[Event "2nd IMSA Basque 2017-Women"]
[Site "Huaian"]
[Date "2017.12.14"]
[Round "4"]
[White "Ushenina, Anna"]
[Black "Paehtz, Elisabeth"]
[Result "1/2-1/2"]
[WhiteElo "2416"]
[BlackElo "2464"]
[Annotator "TA"]
[PlyCount "112"]
[EventDate "2017.??.??"]
[EventType "tourn"]
[EventCountry "CHN"]
[SourceTitle "playchess.com"]
[Source "ChessBase"]
[SourceQuality "1"]

{[%evp 14,112,40,27,46,26,65,0,73,55,61,12,31,0,59,59,56,51,52,58,79,81,132,127,122,111,106,51,85,39,87,91,92,75,93,72,85,77,104,57,82,90,119,72,193,204,365,343,353,342,339,288,428,433,442,433,456,441,1550,1537,1537,1533,1533,1529,1479,1466,1393,1150,1794,1773,1616,1276,1264,1175,1161,1153,1260,1272,1236,1251,1362,1359,1280,-120,-113,-108,0,0,-1,-57,-59,-57,-18,-24,0,-60,0,-83,0,-38,0]} 1. d4 d6 2. Nf3 g6 3. g3 Bg7 4. Bg2 Nf6 5. O-O O-O 6. c4 Nc6 7. Nc3 Rb8 8. Bf4 {LiveBook: 68 Games. E62: King's Indian: Fianchetto: 6...c6 and Panno Variation (6...Nc6) without ...a6} (8. d5 Na5 9. Nd2 c6 10. b4 Nxc4 11. Nxc4 Nxd5 12. Nxd5 Bxa1 13. Nf4 Bg7 14. e4 e5 15. Nd3 Be6 16. Qc2 {½-½ (33) Mamedyarov,S (2747)-Jones,G (2645) Reykjavik 2016}) 8... h6 9. h3 Bf5 $146 ({Predecessor:} 9... a6 10. Rc1 Bd7 11. b3 b5 12. Nd5 g5 13. Nxf6+ exf6 14. Bd2 b4 15. d5 Ne7 {1-0 (72) Dzagnidze,N (2529)-Bivol,A (2363) Izmir 2016}) 10. Rc1 ({White should try} 10. g4 $14 Be4 11. Nxe4 Nxe4 12. d5) 10... Qc8 (10... Ne4 $11 {remains equal.}) 11. g4 $16 Bd7 12. Nd5 Ne8 13. e4 e6 (13... h5 $1 $11) 14. Nc3 $14 e5 15. dxe5 dxe5 16. Bg3 Be6 17. Nd5 {Black must now prevent b4.} Kh7 {[#]} (17... f6 $142) 18. b4 $1 $16 {[%cal Bb2b4,Bb4b5][%mdl 32] b5 is the strong threat.} f6 19. b5 Nd8 20. Ne1 (20. Nh4 $16) 20... c6 21. Ne3 Bf7 22. f4 exf4 23. Bxf4 Ra8 24. Bg3 Ne6 25. Nf3 Nc5 26. Qd4 Ne6 27. Qd2 Nc5 28. Qc2 Rg8 (28... Nd7 $16) 29. e5 $18 Nd7 $2 {[#]} (29... Rf8 {keeps fighting.} 30. bxc6 bxc6) 30. exf6 Nexf6 31. g5 {[%cal Bg4g5,Bg5h6,Bh6g7][%mdl 32]} Nh5 32. Bd6 ({Not} 32. gxh6 Bxh6 33. Bf2 cxb5 $16) 32... Be6 (32... cxb5 {was necessary.} 33. cxb5 Qxc2 34. Rxc2 Rgc8) 33. Ng4 Bf5 34. Qf2 Qd8 35. gxh6 Ndf6 (35... Bxg4 $142 36. hxg4 Bxh6 37. gxh5 Bxc1 38. Rxc1 gxh5 39. Qc2+ Kh8) 36. Ng5+ Kh8 37. Nf7+ Kh7 38. Nxd8 Raxd8 39. hxg7 Rxd6 40. Nxf6+ Nxf6 41. bxc6 bxc6 42. Rfd1 Re6 43. Qxa7 Rxg7 44. Qd4 Nh5 45. Re1 Rf6 46. a4 Rff7 47. a5 Rd7 48. a6 $2 (48. Qh4 $18) 48... Rxd4 $17 49. Bxc6 Nf4 ({Reject} 49... Bxh3 $6 50. Bb7 $11) (49... Bc8 $17 50. Ra1 Ra7) 50. Bb7 $11 Nxh3+ 51. Kh2 (51. Kh1 $11) 51... Rd2+ $15 52. Kg3 $1 Rd3+ 53. Kh2 Rd2+ 54. Kg3 $1 Rd3+ 55. Kh2 Rd2+ 56. Kg3 $1 Rd3+ {Precision: White = 67%, Black = 19%.} 1/2-1/2

[Event "2nd IMSA Basque 2017-Women"]
[Site "Huaian"]
[Date "2017.12.15"]
[Round "5"]
[White "Muzychuk, Anna"]
[Black "Ju, Wenjun"]
[Result "1-0"]
[WhiteElo "2582"]
[BlackElo "2567"]
[Annotator "TA"]
[PlyCount "97"]
[EventDate "2017.??.??"]
[EventType "tourn"]
[EventCountry "CHN"]
[SourceTitle "playchess.com"]
[Source "ChessBase"]
[SourceQuality "1"]

{[%evp 17,97,31,32,19,29,20,25,22,12,20,40,49,60,60,49,22,37,12,100,76,83,83,89,76,72,73,78,38,54,17,69,67,76,64,108,108,125,133,141,141,166,166,166,166,204,204,204,204,414,379,578,579,568,568,556,540,523,512,622,615,572,501,821,591,1110,1101,12827,7950,29978,12839,12832,12836,29986,29987,29987,29988,29988,29989,29989,29990,29990,29991]} 1. e4 e5 2. Nf3 Nf6 3. Nc3 Bb4 4. Nxe5 O-O 5. Nd3 Bxc3 6. dxc3 Nxe4 7. Be2 d6 8. O-O Nd7 {C42: Petroff Defence: 3 Nxe5 and unusual White 3rd moves} 9. f3 Nec5 {LiveBook: 6 Games} 10. b3 $146 (10. Be3 Re8 11. Bxc5 Nxc5 12. Nxc5 dxc5 13. Qxd8 Rxd8 14. Rad1 Be6 15. a3 {½-½ (15) Muzychuk,A (2558)-Ju,W (2579) Doha 2016}) ({Predecessor:} 10. Nf4 Nb6 11. Re1 Ne6 12. Nd3 Qf6 13. f4 Bd7 14. Bf3 Rae8 15. g3 Bc6 16. Bxc6 bxc6 {½-½ (39) Kobalia,M (2628)-Huzman,A (2552) Moscow 2017}) 10... Re8 {The position is equal.} 11. Bb2 b6 12. Qd2 Bb7 13. c4 Ne6 14. Rae1 Qg5 15. Qxg5 Nxg5 16. Nf4 Ne6 17. Nd5 c5 (17... b5 $11 {remains equal.}) 18. f4 Bxd5 19. cxd5 Nc7 20. Bg4 Rad8 21. Rxe8+ Nxe8 22. Bf3 Nc7 23. g4 Re8 (23... b5 $1 $11) 24. a4 $14 f6 25. h4 {[%cal Bh2h4,Bh4h5,Bh5g6][%mdl 32]} a6 26. Kf2 Re7 27. c4 a5 28. Bd1 Na6 {[#]} 29. Bc2 $1 Nf8 30. h5 Kf7 31. g5 fxg5 32. fxg5 Kg8 $2 {[#]} (32... g6 {was called for.} 33. hxg6+ hxg6 34. Kg3+ Kg8) 33. g6 $18 hxg6 (33... Nb8 $142 34. gxh7+ Nxh7) 34. hxg6 Nc7 35. Bf5 Nd7 36. Bc3 Nf6 37. Kf3 Nfe8 38. Bd2 Re5 39. Bd3 Re7 (39... Rh5 $142 40. Bf4 Rh8) 40. Bf4 Na6 41. Bf5 Nac7 42. Rh1 Na6 43. Be6+ (43. Bg5 $142 Nf6 44. Be6+ Rxe6 45. dxe6 Nc7 46. e7 Nd7 47. Bf4 Nf6 48. Bxd6) 43... Rxe6 44. dxe6 {[%cal Bd5e6,Be6e7][%mdl 32] KRB-KNN} Kf8 45. Bg5 {[%cal Rh1h8] White mates.} Kg8 46. Ke4 Nac7 47. e7 Ne6 48. Bh4 N6c7 49. Rf1 {Precision: White = 80%, Black = 37%.} 1-0

[Event "2nd IMSA Basque 2017-Women"]
[Site "Huaian"]
[Date "2017.12.15"]
[Round "5"]
[White "Ju, Wenjun"]
[Black "Muzychuk, Anna"]
[Result "0-1"]
[WhiteElo "2567"]
[BlackElo "2582"]
[Annotator "TA"]
[PlyCount "80"]
[EventDate "2017.??.??"]
[EventType "tourn"]
[EventCountry "CHN"]
[SourceTitle "playchess.com"]
[Source "ChessBase"]
[SourceQuality "1"]

{[%evp 24,80,56,55,53,29,32,41,39,39,41,34,35,21,34,35,31,35,150,143,130,14,124,75,49,0,0,-395,-381,-710,-710,-706,-706,-701,-677,-699,-700,-706,-704,-691,-702,-702,-692,-699,-691,-714,-705,-712,-704,-761,-761,-748,-737,-925,-885,-919,-789,-916,-902]} 1. d4 {[%cal Bd2d4,Bd4d5][%mdl 32]} Nf6 2. c4 g6 3. g3 c5 4. d5 Bg7 5. Bg2 d6 6. Nc3 O-O 7. Nf3 e6 8. O-O exd5 9. cxd5 Re8 10. Re1 a6 11. a4 {A62: Modern Benoni: Fianchetto Variation without early ...Nbd7} Ne4 (11... b6 12. Bf4 Ra7 13. e4 Bg4 14. Qc2 Bxf3 15. Bxf3 h6 16. e5 dxe5 17. Rxe5 Rxe5 18. Bxe5 Nbd7 19. Bf4 g5 {0-1 (49) Dziuba,M (2584)-Navara,D (2732) Czech Republic 2017}) 12. Nxe4 Rxe4 13. Qc2 {LiveBook: 5 Games. White is slightly better.} Rb4 14. e4 a5 $146 ({Predecessor:} 14... Nd7 15. Ra2 b5 16. axb5 Rxb5 17. Bf1 Rb6 18. Bg5 Qe8 {0-1 (47) Verat,L (2300)-Grimberg,G (2230) Clichy 1998}) 15. Rb1 Bd7 16. b3 c4 17. bxc4 Bxa4 18. Qa2 Rxb1 19. Qxb1 Nd7 20. Be3 {Strongly threatening Qa2.} Qc7 ({Better is} 20... Ne5 $14) 21. Qa2 $16 b5 22. cxb5 ({White should try} 22. Bf1 $16) 22... Qc2 (22... Bxb5 $11 23. Rc1 Qb7) 23. Qa3 {[#] aiming for b6.} Bxb5 24. Qxd6 a4 $1 25. e5 $2 {[%mdl 8192]} (25. Bh3 $11 Qxe4 26. Ng5) 25... Bf8 $19 26. Rc1 $2 {[#]} (26. Nd4 Qc3 27. Rc1 Qxc1+ 28. Bxc1 Bxd6 29. Nxb5) 26... Qxc1+ $1 {[%mdl 512] Black is clearly winning.} 27. Bxc1 Bxd6 28. exd6 a3 {And now ...a2 would win.} 29. h3 a2 30. Bb2 a1=Q+ 31. Bxa1 Rxa1+ 32. Kh2 Ra6 33. Nd4 Bc4 34. Nc6 Kg7 35. g4 g5 36. Kg3 Kf6 37. Be4 h6 {[%cal Bh7h6,Bh6g5][%mdl 32]} 38. h4 Ra3+ 39. f3 Bd3 40. hxg5+ hxg5 {Precision: White = 34%, Black = 73%.} 0-1

[Event "2nd IMSA Basque 2017-Women"]
[Site "Huaian"]
[Date "2017.12.15"]
[Round "5"]
[White "Kosteniuk, Alexandra"]
[Black "Stefanova, Antoaneta"]
[Result "1/2-1/2"]
[WhiteElo "2557"]
[BlackElo "2500"]
[Annotator "TA"]
[PlyCount "137"]
[EventDate "2017.??.??"]
[EventType "tourn"]
[EventCountry "CHN"]
[SourceTitle "playchess.com"]
[Source "ChessBase"]
[SourceQuality "1"]

{[%evp 22,137,0,0,0,0,0,0,0,0,14,-21,0,-25,-27,-17,-27,-29,0,0,7,-48,-45,-36,-37,-44,-43,-73,-60,-58,-62,-62,-67,-59,-72,-55,-63,-65,-62,-62,-42,-42,-33,-42,-12,-12,-12,-17,-42,-30,0,-14,-14,-14,-14,-8,0,-16,0,-13,0,0,0,0,0,0,0,0,0,0,0,0,0,0,0,0,0,0,0,0,0,0,0,0,0,0,0,0,0,0,0,0,0,0,0,0,0,0,0,0,0,0,0,0,0,0,0,0,0,0,0,0,0,-5,0,0,0,-8]} 1. d4 d5 2. c4 c6 3. cxd5 cxd5 4. Bf4 Nf6 5. Nc3 Nc6 6. e3 a6 7. Bd3 Bg4 8. Nf3 e6 9. O-O Be7 {D13: Slav Defence: Exchange variation without ...Bf5} 10. h3 Bh5 11. Rc1 O-O 12. a3 {LiveBook: 4 Games} Na5 (12... Rc8 13. Be2 Nd7 14. Ne1 Bxe2 15. Qxe2 Na5 16. Nd3 Nb3 {0-1 (47) Aghamaliyev,C (2512)-Gurevich,M (2589) Denizli 2013}) 13. g4 Bg6 14. Ne5 Bxd3 15. Qxd3 Nd7 $146 ({Predecessor:} 15... b5 16. a4 {½-½ (71) Stokstad,P (2195)-Stefanova,A (2459) Bergen 2001}) 16. e4 Nxe5 17. Bxe5 dxe4 18. Nxe4 Nc6 19. Rfd1 Qd5 20. Nc3 Qb3 21. Qc2 (21. Bg3 $11) 21... Qxc2 $15 22. Rxc2 Rfd8 $36 {[%mdl 2048] Black has good play.} 23. Rcd2 Bg5 24. Rd3 Nxe5 25. dxe5 Rxd3 26. Rxd3 $17 {[%mdl 4096] Endgame KRB-KRN} Bf4 27. Na4 Bxe5 28. Nb6 Re8 29. Rd7 Bxb2 30. Nc4 Bc3 {aiming for ...b5.} 31. Rxb7 Bd4 32. Rd7 e5 33. Rd6 Ra8 34. Nb6 Rb8 (34... Bc5 {with more complications.} 35. Rc6 Bxb6 36. Rxb6 f6 37. a4 h5) 35. Nc4 Ra8 (35... g6 {is more complex.} 36. Rxa6 Rb3 37. Kg2 Rc3 38. Nd6 Rc2) 36. Nb6 {The position is equal.} Bxb6 37. Rxb6 $11 {KR-KR} f6 38. a4 Kf7 39. Kg2 a5 40. Kf3 Kg6 41. Rb5 h5 42. Kg3 hxg4 43. hxg4 Ra7 44. f3 Kf7 45. Kf2 Ke6 46. Ke3 Ra6 47. Ke4 g6 48. Rc5 f5+ 49. gxf5+ gxf5+ 50. Ke3 Kd6 51. Rb5 Ke6 52. Rc5 Kf6 53. Rb5 Ke6 54. Rc5 Rb6 55. Rxa5 Rb3+ (55... Rb2 $5 {[%cal Rf5f4]}) 56. Ke2 f4 57. Rc5 Re3+ 58. Kf2 Ra3 59. a5 Kd6 60. Rb5 Ra2+ 61. Ke1 Ra3 62. Ke2 Re3+ 63. Kf2 Ra3 64. Ke2 Re3+ 65. Kf2 Ra3 66. Ke2 Re3+ 67. Kf2 Ra3 68. Ke2 Re3+ 69. Kf2 {Precision: White = 88%, Black = 74%.} 1/2-1/2